000 00403 a2200109 4500
001 ART_56699
005 20260410162029.0
008 260409a
245 1 0 _aPreparando la vía ejecutiva para un título digital con una firma que es firma, pero no es “firma” (¿o sí?)
100 1 _aRossi, Jorge O.
773 0 _tTemas de derecho procesal
_g- Año 6, N° 8 (ago. 2022)
_wREV44095
999 _c33864
_d33864